00389nam a22001457a 4500003000400000008004100004020001800045082001200063100003800075245004800113250001300161260004700174300001100221650001100232OSt241023b |||||||| |||| 00| 0 eng d a9781780672397 a705 WIP aWILDE, Judith and WILDE,, Richard aProcess: A New Foundation in Art and Design a1st. ed. aLondon, bLaurence King Publishing,c2014, a493 p. aB.FAD.